000
00206nam a2200109Ia 4500
100
_a
#N/A
942
_c
BK
654
_a
britannica
245
_a
Britannica Quiz Master
260
_b
#N/A
546
_a
ENGLISH
999
_c
24629
_d
24629